HBF regional survey of house builders (Record no. 78802)

MARC details
000 -LEADER
fixed length control field 01129cab a22002055a 4500
001 - CONTROL NUMBER
control field L137654
008 - FIXED-LENGTH DATA ELEMENTS--GENERAL INFORMATION
fixed length control field 070314e2007 xxk 000 0 eng d
035 ## - SYSTEM CONTROL NUMBER
System control number (Sirsi) u138155
041 ## - LANGUAGE CODE
Language code of text/sound track or separate title eng
110 2# - MAIN ENTRY--CORPORATE NAME
Corporate name or jurisdiction name as entry element Home Builders Federation
9 (RLIN) 4896
245 ## - TITLE STATEMENT
Title HBF regional survey of house builders
Remainder of title March 2007
260 ## - PUBLICATION, DISTRIBUTION, ETC.
Date of publication, distribution, etc. 2007
490 ## - SERIES STATEMENT
Series statement Housing Market Report
Volume/sequential designation (179) April 2007, 7-12(5)
520 ## - SUMMARY, ETC.
Summary, etc. Finds that site visitors are fewer than in March 2006, while net reservations show a modest increase. Visitors and reservations recorded above-average growth from February. House builders are increasing house prices and have increased their use of sales incentives. Developers are optimistic that sales will grow in 2007. Mortgage rates and terms have not become problematic despite interest rate rises. Planning delays remain the most serious production constraint. Land prices continued to rising strongly. Tables and graphs.
590 ## - LOCAL NOTE (RLIN)
Local note KA
650 24 - SUBJECT ADDED ENTRY--TOPICAL TERM
Topical term or geographic name entry element HBF REGIONAL SURVEY OF HOUSE BUILDERS
651 #4 - SUBJECT ADDED ENTRY--GEOGRAPHIC NAME
Geographic name England and Wales
Chronological subdivision 1543-
690 ## - LOCAL SUBJECT ADDED ENTRY--TOPICAL TERM (OCLC, RLIN)
Topical term or geographic name as entry element PROPERTY-RESIDENTIAL PROPERTY-RESIDENTIAL PROPERTY MARKET
942 ## - ADDED ENTRY ELEMENTS (KOHA)
Suppress in OPAC 0
Holdings
Withdrawn status Lost status Source of classification or shelving scheme Damaged status Not for loan Home library Current library Shelving location Date acquired Total Checkouts Full call number Barcode Date last seen Copy number Price effective from Koha item type
    Dewey Decimal Classification     London London Journal article 21/05/2007   L138155 138155-1001 06/08/2019 1 06/08/2019 Journal article